The Communication Book: 44 Ideas for Better Conversations Every Day (Record no. 365246)

MARC details
000 -LEADER
fixed length control field 00551nam a22001937a 4500
005 - DATE AND TIME OF LATEST TRANSACTION
control field 20250221135748.0
008 - FIXED-LENGTH DATA ELEMENTS--GENERAL INFORMATION
fixed length control field 250221b |||||||| |||| 00| 0 eng d
020 ## - INTERNATIONAL STANDARD BOOK NUMBER
International Standard Book Number 9780241982280
041 ## - LANGUAGE CODE
Language code of text/sound track or separate title Eng
082 ## - DEWEY DECIMAL CLASSIFICATION NUMBER
Classification number 372.6
Item number KRO
100 ## - MAIN ENTRY--PERSONAL NAME
Author Krogerus Mikael
245 ## - TITLE STATEMENT
Title The Communication Book: 44 Ideas for Better Conversations Every Day
260 ## - PUBLICATION, DISTRIBUTION, ETC.
Place of publication, distribution, etc. United Kingdom
Name of publisher, distributor, etc. Penguin Business
Date of publication, distribution, etc. 2017
300 ## - PHYSICAL DESCRIPTION
Extent 193
365 ## - TRADE PRICE
Price amount 399.00
Currency code Rs.00
650 ## - SUBJECT ADDED ENTRY--TOPICAL TERM
Topical term or geographic name entry element Communication Skills
700 ## - ADDED ENTRY--PERSONAL NAME
Personal name Tschappeler Roman
942 ## - ADDED ENTRY ELEMENTS (KOHA)
Koha item type Books
Holdings
Withdrawn status Lost status Source of classification or shelving scheme Damaged status Not for loan Home library Current library Date acquired Vendor Net Price Bill number Total Checkouts Full call number Barcode Date last seen Date last checked out Discount Actual Price Bill Date Koha item type
    Dewey Decimal Classification     School of Fashion Technology School of Fashion Technology 20/02/2025 Crossword Bookstores 399.00 KT24CSB11468 2 372.6 KRO SOFT-BK-4305 25/07/2025 18/07/2025 0% 399.00 17/02/2025 Books